000
00237nam a22000857a 4500
008
160702b xxu||||| |||| 00| 0 eng d
100
_9
1759
_a
Chatterji, P.N
245
_a
Mathematics for Competitions
260
_a
Meerut
_b
Rajhans Agencies
_c
1993
999
_c
1463
_d
1463